000 00851cam a22002414a 4500
001 2631333
005 20180314054417.0
008 990521s2000 mauab b 001 0 eng
010 _a 99034641
020 _a0256247811
040 _aDLC
_cDLC
041 _aeng
042 _apcc
080 _a658.049 BAR
082 0 0 _a658.049 BAR
_221
100 1 _a54
101 _aMEN
245 1 0 _aTransnational management :
_cChristopher A. Bartlett, Sumantra Ghoshal.
504 _aIncludes bibliographical references and index.
906 _a7
_bcbc
_corignew
_d1
_eocip
_f19
_gy-gencatlg
942 _2ddc
_cBK
999 _c44987
_d44987